| 000 | 00648nam a2200241Ia 4500 | ||
|---|---|---|---|
| 008 | 220216s9999 xx 000 0 und d | ||
| 100 | _aOkino E Y A | ||
| 245 | 0 | _aAccelerated laboratory test of acetylated Hevea brasiliensis flakeboards | |
| 260 |
_bJournal of Tropical Forest Products _c2003 |
||
| 300 | _a54-58 | ||
| 500 | _aCAB CD 2002/08-2003/10 | ||
| 650 | _aBrazil | ||
| 650 | _aDecay fungi | ||
| 650 | _aDurability | ||
| 650 | _aFlakeboard | ||
| 650 | _aWood density | ||
| 650 | _aWood properties | ||
| 700 | _ada S Alves M V | ||
| 700 | _ade Sousa M E | ||
| 700 | _ade Sousa M R | ||
| 700 | _aSantana M A E | ||
| 942 | _cBO | ||
| 999 |
_c47904 _d47904 |
||